000 00590nam a2200193Ia 4500
005 20250508163252.0
008 008 250505s9999 xx 000 0 eng d
037 _aDissertations
040 _aFEDL
_beng
_cFEDL
041 _aeng
_2eng
084 _a574, DUB/DI
_qFEDL
100 _aDubey Shashi
_9775010
245 0 _aStudy the effectiveness of lab-oriented methodology in biological sciences at middle school stage
260 _c1986
300 _a58p.
546 _aM. Ed. Dissertation (Delhi University)
942 _cDIS
_h574, DUB/DI
999 _c1381913
_d1381913